Flags of all Maltese Local Councils (Il-Bnadar tal-Kunsilli Lokali) - Statistics

General Stats
  • This quiz has been taken 16 times
  • The average score is 33 of 68
Answer Stats
Picture Answer % Correct
Marsaskala (Wied il-Għajn)
82%
Birkirkara
64%
Ħal Lija
64%
Ħal Qormi
64%
Il-Belt Valletta
64%
Il-Furjana
64%
Il-Ħamrun
64%
Ir-Rabat (Malta)
64%
L-Imdina
64%
L-Imtarfa
64%
San Pawl il-Baħar
64%
Santa Luċija
64%
Birżebbuġa
55%
Ħad-Dingli
55%
Ħal Għargħur
55%
Ħal Kirkop
55%
Ħaż-Żabbar
55%
Il-Fgura
55%
Il-Gżira
55%
In-Naxxar
55%
Iż-Żurrieq
55%
L-Iklin
55%
L-Imsida
55%
San Ġwann
55%
Tal-Pietà
55%
Ta' Xbiex
55%
Għajnsielem
45%
Ħal Balzan
45%
Ħal Għaxaq
45%
Ħal Tarxien
45%
Ħ'Attard
45%
Ħaż-Żebbuġ
45%
Il-Birgu
45%
Il-Bormla
45%
Il-Fontana
45%
Il-Marsa
45%
Il-Mosta
45%
Il-Qrendi
45%
Ir-Rabat (Għawdex)
45%
Is-Swieqi
45%
Ix-Xgħajra
45%
Iż-Żebbuġ
45%
Iż-Żejtun
45%
L-Għarb
45%
L-Imġarr
45%
L-Imqabba
45%
L-Isla
45%
Pembroke
45%
Raħal Ġdid (Pawla)
45%
San Ġiljan
45%
San Lawrenz
45%
Ta' Kerċem
45%
Tas-Sliema
45%
Ħal Luqa
36%
Ħal Safi
36%
Il-Gudja
36%
Il-Kalkara
36%
Il-Mellieħa
36%
Il-Munxar
36%
Il-Qala
36%
In-Nadur
36%
Is-Siġġiewi
36%
L-Għasri
36%
Marsaxlokk
36%
Santa Venera
36%
Ta' Sannat
36%
Ix-Xagħra
27%
Ix-Xewkija
27%
No matching quizzes found
Score Distribution
Percent of People with Each Score
Percentile by Number Answered
Your Score History
You have not taken this quiz